مكتبة جامعة عجلون الوطنية

فهرس بحث المكتبة

Normal view MARC view
  • الاردن - قانون جنائي اردني

Entry Topical Term

Number of records used in: 1

001 - CONTROL NUMBER

  • control field: 46422

003 - CONTROL NUMBER IDENTIFIER

  • control field: JO-AjAnu

005 - DATE AND TIME OF LATEST TRANSACTION

  • control field: 20230606081654.0

008 - FIXED-LENGTH DATA ELEMENTS

  • fixed length control field: 230606|| aca||aabn | a|a d

040 ## - CATALOGING SOURCE

  • Original cataloging agency: JO-AjAnu
  • Transcribing agency: JO-AjAnu

150 ## - HEADING--TOPICAL TERM

  • Topical term or geographic name entry element: الاردن - قانون جنائي اردني

670 ## - SOURCE DATA FOUND

  • Source citation: Work cat.: (JO-AjAnu)23761: السعدي، واثبة داود, author 46421, الوجيز في شرح قانون العقوبات الأردني: القسم الخاص: الجرائم الواقعة على الأموال الملحقة بها والجرائم المخلة بواجبات الوظيفة والجرائم المخلة بالثقة العامة